Water Purification To Remove As(V) by Electropulse Treatment of an Active Metallic Charge; Russian Journal of Applied Chemistry; Vol. 78, iss. 10
| Parent link: | Russian Journal of Applied Chemistry: Scientific Journal Vol. 78, iss. 10.— 2005.— [P. 1631-1635] |
|---|---|
| Andre forfattere: | , , , , , |
| Summary: | Title screen Power expenditure for water purification to remove arsenic(V) was determined. The processes and kinetics of purification in an electric-discharge reactor with a metallic (aluminum or iron) charge were investigated. The purification mechanisms based on the adsorption of arsenic(V) on a fresh surface of hydroxides formed through dispersion and subsequent oxidation of a charged metal were suggested. Rate equations corresponding to the experimental data and to these mechanisms were given. Режим доступа: по договору с организацией-держателем ресурса |
| Sprog: | engelsk |
| Udgivet: |
2005
|
| Fag: | |
| Online adgang: | http://link.springer.com/article/10.1007%2Fs11167-005-0575-6 |
| Format: | MixedMaterials Electronisk Book Chapter |
| KOHA link: | https://koha.lib.tpu.ru/cgi-bin/koha/opac-detail.pl?biblionumber=638338 |
MARC
| LEADER | 00000naa0a2200000 4500 | ||
|---|---|---|---|
| 001 | 638338 | ||
| 005 | 20250131110334.0 | ||
| 035 | |a (RuTPU)RU\TPU\network\2640 | ||
| 090 | |a 638338 | ||
| 100 | |a 20141229d2005 k||y0rusy50 ba | ||
| 101 | 0 | |a eng | |
| 102 | |a RU | ||
| 135 | |a drnn ---uucaa | ||
| 181 | 0 | |a i | |
| 182 | 0 | |a b | |
| 200 | 1 | |a Water Purification To Remove As(V) by Electropulse Treatment of an Active Metallic Charge |d Очистка воды от As(V) электроимпульсной обработкой активной металлической загрузки |f N. B. Danilenko [et al.] | |
| 203 | |a Text |c electronic | ||
| 300 | |a Title screen | ||
| 320 | |a [References: p. 1635 (19 tit.)] | ||
| 330 | |a Power expenditure for water purification to remove arsenic(V) was determined. The processes and kinetics of purification in an electric-discharge reactor with a metallic (aluminum or iron) charge were investigated. The purification mechanisms based on the adsorption of arsenic(V) on a fresh surface of hydroxides formed through dispersion and subsequent oxidation of a charged metal were suggested. Rate equations corresponding to the experimental data and to these mechanisms were given. | ||
| 333 | |a Режим доступа: по договору с организацией-держателем ресурса | ||
| 461 | |t Russian Journal of Applied Chemistry |o Scientific Journal | ||
| 463 | |t Vol. 78, iss. 10 |v [P. 1631-1635] |d 2005 | ||
| 510 | 1 | |a Очистка воды от As(V) электроимпульсной обработкой активной металлической загрузки |z rus | |
| 610 | 1 | |a электронный ресурс | |
| 610 | 1 | |a труды учёных ТПУ | |
| 701 | 1 | |a Danilenko |b N. B. |c chemist |c associate Professor of Tomsk Polytechnic University, candidate of chemical Sciences |f 1982- |g Nina Borisovna |3 (RuTPU)RU\TPU\pers\33302 |9 17047 | |
| 701 | 1 | |a Savel'ev |b G. G. | |
| 701 | 1 | |a Yavorovsky |b N. A. |c physicist |c Head of the laboratory of Tomsk Polytechnic University, Candidate of technical sciences |f 1941- |g Nikolay Aleksandrovich |3 (RuTPU)RU\TPU\pers\31935 | |
| 701 | 1 | |a Khaskel'berg |b M. B. |c ecologist |c senior engineer Tomsk Polytechnic University, candidate of physico-mathematical Sciences |f 1954- |g Mikhail Borisovich |3 (RuTPU)RU\TPU\pers\33299 | |
| 701 | 1 | |a Yurmazova |b T. A. |c chemist |c associate Professor of Tomsk Polytechnic University, candidate of chemical Sciences |f 1950- |g Tatyana Aleksandrovna |3 (RuTPU)RU\TPU\pers\33294 | |
| 701 | 1 | |a Shamanskii |b V. V. | |
| 801 | 2 | |a RU |b 63413507 |c 20150123 |g RCR | |
| 856 | 4 | |u http://link.springer.com/article/10.1007%2Fs11167-005-0575-6 | |
| 942 | |c CF | ||